000 00527 a2200169 4500
001 192544
020 _a978-85-60911-37-0
040 _cMagnum
100 _aZylbersztajn, Moisés
240 1 0 _aBlog no papel: reflexões de um educador à procura de saídas para a sinuca em que a escola se meteu!
_lpor
245 1 0 _aBlog no papel: reflexões de um educador à procura de saídas para a sinuca em que a escola se meteu!
300 _a72
362 0 _a2011
440 1 _aMelo
697 _aLITERATURA GERAL
942 _cBK
999 _c192544
_d192544